Koh-Lanta : Les finalistes - Statistiques

Statistiques générales
  • Ce quiz a été pris 33 fois
  • Le résultat moyen est 84 sur 141
Statistiques - réponses
Saison Candidat % Correct
Koh-Lanta : L'Île des Héros | Koh-Lanta : La Légende | Koh-Lanta : La Revanche des Héros | Koh-Lanta : Viet Nam Claude
94%
Koh-Lanta : Le Combat des Héros | Koh-Lanta : Pacifique Clémence
88%
Koh-Lanta : Cambodge | Koh-Lanta : Caramoan | Koh-Lanta : Le Feu Sacré Frédéric
88%
Koh-Lanta : L'Île au Trésor Benoît
82%
Koh-Lanta : L'Île au Trésor | Koh-Lanta : Le Choc des Héros Freddy
82%
Koh-Lanta : La Légende | Koh-Lanta : Le Retour des héros | Koh-Lanta : Palawan Jade
82%
Koh-Lanta : Le Combat des Héros Jérémy
82%
Koh-Lanta : Bocas del Toro | Koh-Lanta : L'Île des Héros Moussa
82%
Koh-Lanta : Le Combat des Héros | Koh-Lanta : Thaïlande Pascal
82%
Koh-Lanta : La Légende | Koh-Lanta : La Nouvelle Édition | Koh-Lanta : Malaisie Phil
82%
Koh-Lanta : Le Totem Maudit François
76%
Koh-Lanta : Le Choc des Héros Grégoire
76%
Koh-Lanta : L'Île au Trésor Jesta
76%
Koh-Lanta : Les Armes Secrètes Laure
76%
Koh-Lanta : La Légende | Koh-Lanta : La Nouvelle Édition | Koh-Lanta : Raja Ampat Laurent
76%
Koh-Lanta : La Nouvelle Édition Martin
76%
Koh-Lanta : La Revanche des Héros | Koh-Lanta : Palau Patrick
76%
Koh-Lanta : Panama | Koh-Lanta : Viet Nam Philippe
76%
Koh-Lanta : Raja Ampat Teheiura
76%
Koh-Lanta : La Légende | Koh-Lanta : Malaisie Ugo
76%
Koh-Lanta : L'Île des Héros | Koh-Lanta : Les 4 Terres Alexandra
71%
Koh-Lanta : Les 4 Terres | Koh-Lanta : Malaisie Brice
71%
Koh-Lanta : L'Île au Trésor Candice
71%
Koh-Lanta : L'Île des Héros Inès
71%
Koh-Lanta : Johor Marc
71%
Koh-Lanta : Vanuatu Sébastien
71%
Koh-Lanta : Fidji André
65%
Koh-Lanta : Caramoan | Koh-Lanta : La Revanche des Héros Bertrand
65%
Koh-Lanta : Caramoan Christelle
65%
Koh-Lanta : Cambodge Clémentine
65%
Koh-Lanta : Raja Ampat Gérard
65%
Les Aventuriers de Koh-Lanta Gilles
65%
Koh-Lanta : La Revanche des 4 Terres Jérôme
65%
Koh-Lanta : Le Feu Sacré | Koh-Lanta : Les Chasseurs d'Immunité Julie
65%
Koh-Lanta : Palawan Kevin
65%
Koh-Lanta : La Guerre des Chefs | Koh-Lanta : La Revanche des Héros Maud
65%
Koh-Lanta : Pacifique Mohamed
65%
Koh-Lanta : La Nouvelle Édition Moundir
65%
Koh-Lanta : La Tribu Maudite Thibault
65%
Koh-Lanta : Nicoya Amel
59%
Koh-Lanta : Johor Chantal
59%
Koh-Lanta : La Guerre des Chefs Cindy
59%
Koh-Lanta : Les 4 Terres Dorian
59%
Koh-Lanta : Les Chasseurs d'Immunité Léa
59%
Koh-Lanta : Les 4 Terres Lola
59%
Koh-Lanta : Cambodge Mathilde
59%
Koh-Lanta : Caramoan Nathalie
59%
Koh-Lanta : Le Feu Sacré | Koh-Lanta : Nicoya Nicolas
59%
Koh-Lanta : Viet Nam Wafa
59%
Koh-Lanta : Pacifique Alexis
53%
Koh-Lanta : Les Armes Secrètes Arnaud
53%
Koh-Lanta : Johor | Koh-Lanta : L'Île au Trésor Bruno
53%
Koh-Lanta : Palau Christina
53%
Koh-Lanta : Le Choc des Héros Christophe
53%
Koh-Lanta : La Revanche des Héros | Koh-Lanta : Le Choc des Héros Coumba
53%
Koh-Lanta : Bocas del Toro Delphine
53%
Koh-Lanta : Vanuatu Emilie
53%
Koh-Lanta : Pacifique Francis
53%
Koh-Lanta : Vanuatu François-David
53%
Koh-Lanta : La Revanche des 4 Terres Gaëlle
53%
Les Aventuriers de Koh-Lanta Guénaëlle
53%
Koh-Lanta : Bocas del Toro | Koh-Lanta : Palau Isabelle
53%
Koh-Lanta : Les 4 Terres Loïc
53%
Koh-Lanta : Les Armes Secrètes Maxine
53%
Koh-Lanta : L'Île des Héros Naoil
53%
Koh-Lanta : Les Chasseurs d'Immunité Pauline
53%
Les Aventuriers de Koh-Lanta Romain
53%
Koh-Lanta : Palawan Simon
53%
Koh-Lanta : Fidji Tiffany
53%
Koh-Lanta : Malaisie Vanessa
53%
Koh-Lanta : Viet Nam Véronique
53%
Koh-Lanta : Cambodge Vincent
53%
Koh-Lanta : Thaïlande Wendy
53%
Koh-Lanta : Le Totem Maudit Bastien
47%
Koh-Lanta : La Tribu Maudite Charlotte
47%
Koh-Lanta : La Tribu Maudite Jacques
47%
Koh-Lanta : Le Combat des Héros Javier
47%
Koh-Lanta : Vanuatu Ludovic
47%
Koh-Lanta : Le Retour des héros | Koh-Lanta : Panama Romuald
47%
Koh-Lanta : Malaisie | Koh-Lanta : Nicoya Bernard
41%
Koh-Lanta : Thaïlande Cécilia
41%
Koh-Lanta : La Guerre des Chefs Clo
41%
Koh-Lanta : Raja Ampat Ella
41%
Koh-Lanta : Thaïlande Gabriel
41%
Koh-Lanta : Le Totem Maudit Géraldine
41%
Koh-Lanta : Les Armes Secrètes Jonathan
41%
Koh-Lanta : Les Armes Secrètes Lucie
41%
Koh-Lanta : Fidji Magalie
41%
Koh-Lanta : Palawan Maryline
41%
Koh-Lanta : Johor Mélissa
41%
Koh-Lanta : Panama Raphaël
41%
Koh-Lanta : Fidji Sandrine
41%
Koh-Lanta : Le Feu Sacré Tania
41%
Koh-Lanta : Les Chasseurs d'Immunité Amri
35%
Koh-Lanta : La Guerre des Chefs Aurélien
35%
Koh-Lanta : La Tribu Maudite Cécile
35%
Koh-Lanta : La Revanche des 4 Terres Claire
35%
Koh-Lanta : Palau Fabienne
35%
Koh-Lanta : Le Retour des héros Filomène
35%
Koh-Lanta : La Tribu Maudite Ilyesse
35%
Koh-Lanta : Le Choc des Héros | Koh-Lanta : Panama Linda
35%
Koh-Lanta : La Revanche des 4 Terres Maël
35%
Koh-Lanta : Les Chasseurs d'Immunité Meïssa
35%
Les Aventuriers de Koh-Lanta Patricia
35%
Koh-Lanta : La Guerre des Chefs Steeve
35%
Koh-Lanta : Bocas del Toro Tony
35%
Koh-Lanta : Le Totem Maudit Ambre
29%
Koh-Lanta : Le Totem Maudit Jean-Charles
29%
Koh-Lanta : Nicoya Marianne
29%
Koh-Lanta : Le Retour des héros Jean-Bernard
24%
Aucun quiz correspondant
Distribution des résultats
% des personnes avec chaque résultat
Percentile par nombre de réponses
Votre historique - résultats
Vous n’avez pas pris ce quiz